<?xml version="1.0" encoding="UTF-8"?>
<record
    xmlns:xsi="http://www.w3.org/2001/XMLSchema-instance"
    xsi:schemaLocation="http://www.loc.gov/MARC21/slim http://www.loc.gov/standards/marcxml/schema/MARC21slim.xsd"
    xmlns="http://www.loc.gov/MARC21/slim">

  <leader>00666nam a22002177a 4500</leader>
  <controlfield tag="007">00</controlfield>
  <controlfield tag="008">170227b        xxu||||| |||| 00| 0 eng d</controlfield>
  <datafield tag="020" ind1=" " ind2=" ">
    <subfield code="a">978-2-10-051184-6</subfield>
  </datafield>
  <datafield tag="040" ind1=" " ind2=" ">
    <subfield code="a">BUAC</subfield>
    <subfield code="c">BUC</subfield>
  </datafield>
  <datafield tag="041" ind1=" " ind2=" ">
    <subfield code="a">Fre. </subfield>
  </datafield>
  <datafield tag="100" ind1=" " ind2=" ">
    <subfield code="a">FOSSET, Bruno </subfield>
    <subfield code="9">23261</subfield>
  </datafield>
  <datafield tag="245" ind1=" " ind2=" ">
    <subfield code="a">Chimie 1re ann&#xE9;e PCSI : </subfield>
    <subfield code="b">Exercices et probl&#xE8;mes corrig&#xE9;s</subfield>
    <subfield code="c">/ par Bruno Fosset, Jean-Bernard Baudin, Fr&#xE9;d&#xE9;ric Lahit&#xE8;te</subfield>
  </datafield>
  <datafield tag="260" ind1=" " ind2=" ">
    <subfield code="a">Paris : </subfield>
    <subfield code="b">Dunod , </subfield>
    <subfield code="c">2007.</subfield>
  </datafield>
  <datafield tag="300" ind1=" " ind2=" ">
    <subfield code="a">VII-363 p. </subfield>
    <subfield code="c">24 cm. </subfield>
    <subfield code="b">couv. en coul. ;</subfield>
  </datafield>
  <datafield tag="440" ind1=" " ind2=" ">
    <subfield code="a">(J'int&#xE8;gre)</subfield>
  </datafield>
  <datafield tag="630" ind1=" " ind2=" ">
    <subfield code="a">SCIENCES EXACTES </subfield>
  </datafield>
  <datafield tag="650" ind1=" " ind2=" ">
    <subfield code="a">Chimie </subfield>
  </datafield>
  <datafield tag="700" ind1=" " ind2=" ">
    <subfield code="a">BAUDIN, Jean-Bernard </subfield>
  </datafield>
  <datafield tag="700" ind1=" " ind2=" ">
    <subfield code="a">LAHITETE, Fr&#xE9;d&#xE9;ric </subfield>
  </datafield>
  <datafield tag="942" ind1=" " ind2=" ">
    <subfield code="c">LBA</subfield>
  </datafield>
  <datafield tag="999" ind1=" " ind2=" ">
    <subfield code="c">55998</subfield>
    <subfield code="d">55998</subfield>
  </datafield>
  <datafield tag="952" ind1=" " ind2=" ">
    <subfield code="0">0</subfield>
    <subfield code="1">0</subfield>
    <subfield code="4">0</subfield>
    <subfield code="7">0</subfield>
    <subfield code="a">BUAC</subfield>
    <subfield code="b">BUAC</subfield>
    <subfield code="c">R&#xE9;serve</subfield>
    <subfield code="d">2016-10-28</subfield>
    <subfield code="e">Don ABAR</subfield>
    <subfield code="f">16/1341</subfield>
    <subfield code="l">0</subfield>
    <subfield code="o">54 FOS</subfield>
    <subfield code="p">16-1341Buc </subfield>
    <subfield code="r">2017-02-27 00:00:00</subfield>
    <subfield code="t">1</subfield>
    <subfield code="w">2017-02-27</subfield>
    <subfield code="y">LBA</subfield>
  </datafield>
  <datafield tag="952" ind1=" " ind2=" ">
    <subfield code="0">0</subfield>
    <subfield code="1">0</subfield>
    <subfield code="4">0</subfield>
    <subfield code="7">0</subfield>
    <subfield code="a">BUAC</subfield>
    <subfield code="b">BUAC</subfield>
    <subfield code="d">2016-10-28</subfield>
    <subfield code="e">Don ABAR</subfield>
    <subfield code="f">16/1342</subfield>
    <subfield code="l">0</subfield>
    <subfield code="o">54 FOS</subfield>
    <subfield code="p">16-1342Buc </subfield>
    <subfield code="r">2017-02-27 00:00:00</subfield>
    <subfield code="t">2</subfield>
    <subfield code="w">2017-02-27</subfield>
    <subfield code="y">LBA</subfield>
  </datafield>
  <datafield tag="952" ind1=" " ind2=" ">
    <subfield code="0">0</subfield>
    <subfield code="1">0</subfield>
    <subfield code="4">0</subfield>
    <subfield code="7">0</subfield>
    <subfield code="a">BUAC</subfield>
    <subfield code="b">BUAC</subfield>
    <subfield code="c">R&#xE9;serve</subfield>
    <subfield code="d">2016-10-28</subfield>
    <subfield code="e">Don ABAR</subfield>
    <subfield code="f">16-1753</subfield>
    <subfield code="l">0</subfield>
    <subfield code="o">540 (076.2) FOS</subfield>
    <subfield code="p">16-1753Buc</subfield>
    <subfield code="r">2017-07-24 00:00:00</subfield>
    <subfield code="t">3</subfield>
    <subfield code="w">2017-02-27</subfield>
    <subfield code="y">LIVR</subfield>
  </datafield>
</record>
